| 000 | 03217nam a2200409Ia 4500 | ||
|---|---|---|---|
| 003 | CO-CtgCURN | ||
| 005 | 20250930210704.0 | ||
| 008 | 190722s2001 xx 000 0 und d | ||
| 020 | _a9587010418 | ||
| 040 |
_aCO-CtgCURN _bspa _ccoctgcurn |
||
| 082 |
_a322.42 _bP699p |
||
| 245 | 0 |
_aPlan Colombia : _bensayos críticos / _ceditor., Jairo Estrada Álvarez; autores., Libardo Sarmiento Anzola [y otros diez,etc...] prólogo., Víctor Manuel Moncayo Cruz |
|
| 250 | _a1 edición | ||
| 260 |
_aBogotá, Colombia : _bUniversidad Nacional de Colombia; _bFacultad de Derecho, Ciencias Políticas y Sociales, _c2001 |
||
| 300 |
_a367 páginas ; _c23 centímetros |
||
| 500 | _aIncluye prólogo e índice | ||
| 504 | _aIncluye referencias bibliográficas | ||
| 505 | _aPte. I. Fundamentos del plan Colombia -- Elementos de economía política -- Conflicto, intervención y economía política de la guerra -- Nuevo modelo de dominación colonial -- Colisión de intereses jurídicos protegidos -- El impacto de las fumigaciones aéreas -- El sistema de alertas tempranas como mecanismo de guerra -- Pte. II. Globalizacion, geopolitica y relaciones internacionales -- Consideraciones de geopolitica -- Un aguerra social de la globalización -- El neointervencionismo y la pax americana -- La guerra contra las drogas: las relaciones Colombia - Estados Unidos durante la administración Pastrana -- La nueva internacionalización del conflicto y los procesos de paz -- Pte. III. Guerra, negociación política y proceso de paz -- Intervencion, guerra y proceso de negociación -- Guerra social de media intensidad -- Cultivos ilicitos, conflicto y proceso de paz -- Los efectos sobre la guerra y la paz -- Las perspectivas del proceso de negociación. | ||
| 520 | _aLa utilidad del contenido de estos escritos reside, en que supera las simples consideraciones de apreciación superficial, que en muchos casos recogen lugares comunes, cuando no consignas o frases estereotipadas, para abordar la problemática de manera rigurosa, con abundante información factual tanto nacional como externa. Estan estos ensayos destinados no solamente al medico académico, sino a las organizaciones y sujetos afectados o interesados en los procesos que ya avanzan progresivamente y que, como es bien conocido, han tenido efectos muy significativos en los paises vecinos y de la región latinoamericana en general. | ||
| 521 | _aAREA SOCIOHUMANISTICA | ||
| 590 | _aPrograma de Derecho_18 | ||
| 650 |
_aControl de drogas y narcóticos _zColombia |
||
| 700 |
_aEstrada Álvarez, Jairo _eeditor |
||
| 700 |
_aSarmiento Anzola, Libardo _eautor |
||
| 700 |
_aLibreros Caicedo, Daniel _eautor |
||
| 700 |
_aGalán Castellanos, Hernán _eautor |
||
| 700 |
_aMejía Garcia, Nubia Esperanza _eautora |
||
| 700 |
_aOrtiz Palacios, Iván David _eautor |
||
| 700 |
_aPetras, James _eautor |
||
| 700 |
_aCaycedo Turriago, Jaime _eautor |
||
| 700 |
_aSánchez, Ricardo _eautor |
||
| 700 |
_aTickner, Arlene _eautora |
||
| 700 |
_aRomero, Marco Alberto _eautor |
||
| 700 |
_aMoncayo Cruz, Víctor _eprólogo |
||
| 942 |
_cBK _h322.42 _iP699p _2ddc _n0 |
||
| 999 |
_c1298 _d1298 |
||